Statistiques concernant Culture Générale - Série 704

Cliquez ici pour prendre le quiz!

Statistiques générales

  • Ce quiz a été pris 149 fois
  • Le résultat moyen est 8 sur 10

Statistiques - réponses

QuestionRéponse% Correct
Combien de doigts comporte la patte d'un gallinacé ?quatre
95%
De quel instrument de musique joue un mandoliniste ?mandoline
94%
Complétez le le titre d'un film de 1952 avec Gary Cooper et Grace Kelly, " Le train sifflera ...trois fois
90%
Dans quelle ville Claude Nougaro est-il né ?Toulouse
82%
Quelle est la capitale de l'État de Koweït ?Koweït
75%
En 1972, dans quelle ville les Jeux olympiques ont-ils été troublés par la prise en otage d'athlètes israéliens ?Munich
70%
Quel terme désigne à la fois une fleur jaune et une inquiétude ?souci
67%
Dans la chanson de Serge Gainsbourg interprétée par Isabelle Adjani, de quelle couleur est le pull au fond de la piscine ?marine
66%
De quel pays, constitué de plus de 700 îles, Nassau est-elle la capitale ?Bahamas
65%
Conjuguez le verbe "moudre", à la troisième personne du pluriel au présent de l'indicatif. "Ils ...moulent
52%

Distribution des résultats

Percentile par nombre de réponses

% des personnes avec chaque résultat

Votre développement - résultats

Vous n’avez pas pris ce quiz